<?xml version="1.0" encoding="UTF-8"?><record xmlns="http://www.loc.gov/MARC21/slim" xmlns:zs="http://docs.oasis-open.org/ns/search-ws/sruResponse">
  <leader>03738cas a2200685 a 4500</leader>
  <controlfield tag="001">16894857</controlfield>
  <controlfield tag="005">20250729104955.5</controlfield>
  <controlfield tag="008">810625c18969999vaudr ne      0   a0eng c</controlfield>
  <datafield ind1=" " ind2=" " tag="010">
    <subfield code="a">sn 83045830 </subfield>
  </datafield>
  <datafield ind1="0" ind2=" " tag="022">
    <subfield code="a">2163-7156</subfield>
    <subfield code="2">1</subfield>
  </datafield>
  <datafield ind1="1" ind2=" " tag="029">
    <subfield code="a">AU@</subfield>
    <subfield code="b">000020415740</subfield>
  </datafield>
  <datafield ind1=" " ind2=" " tag="032">
    <subfield code="a">144900</subfield>
    <subfield code="b">USPS</subfield>
  </datafield>
  <datafield ind1=" " ind2=" " tag="035">
    <subfield code="a">(OCoLC)7529015</subfield>
  </datafield>
  <datafield ind1=" " ind2=" " tag="040">
    <subfield code="a">VOD</subfield>
    <subfield code="b">eng</subfield>
    <subfield code="c">VOD</subfield>
    <subfield code="d">NPW</subfield>
    <subfield code="d">ONP</subfield>
    <subfield code="d">ANU</subfield>
    <subfield code="d">NVK</subfield>
    <subfield code="d">OCL</subfield>
    <subfield code="d">NYS</subfield>
    <subfield code="d">NVK</subfield>
    <subfield code="d">OCLCQ</subfield>
    <subfield code="d">DLC</subfield>
    <subfield code="d">NVK</subfield>
    <subfield code="d">OCLCQ</subfield>
    <subfield code="d">OCLCF</subfield>
    <subfield code="d">OCLCQ</subfield>
    <subfield code="d">HUL</subfield>
    <subfield code="d">DLC</subfield>
    <subfield code="d">OCLCL</subfield>
  </datafield>
  <datafield ind1=" " ind2=" " tag="042">
    <subfield code="a">pcc</subfield>
    <subfield code="a">nsdp</subfield>
  </datafield>
  <datafield ind1=" " ind2=" " tag="043">
    <subfield code="a">n-us-va</subfield>
  </datafield>
  <datafield ind1="0" ind2="0" tag="050">
    <subfield code="a">Newspaper</subfield>
  </datafield>
  <datafield ind1=" " ind2="4" tag="050">
    <subfield code="a">F234.N5</subfield>
    <subfield code="b">D34</subfield>
  </datafield>
  <datafield ind1="1" ind2="0" tag="082">
    <subfield code="a">070</subfield>
    <subfield code="2">14</subfield>
    <subfield code="1">https://id.oclc.org/worldcat/ddc/E3gMVQttpMJtdJjcwPJqGvYJ37</subfield>
  </datafield>
  <datafield ind1="0" ind2=" " tag="130">
    <subfield code="a">Daily press (Newport News, Va. : Final ed.)</subfield>
  </datafield>
  <datafield ind1=" " ind2="0" tag="222">
    <subfield code="a">Daily press</subfield>
    <subfield code="b">(Newport News, Va. Final ed.)</subfield>
  </datafield>
  <datafield ind1="1" ind2="0" tag="245">
    <subfield code="a">Daily press.</subfield>
  </datafield>
  <datafield ind1=" " ind2=" " tag="250">
    <subfield code="a">Final ed.</subfield>
  </datafield>
  <datafield ind1=" " ind2=" " tag="260">
    <subfield code="a">Newport News, Va. :</subfield>
    <subfield code="b">Daily Press Co.</subfield>
  </datafield>
  <datafield ind1=" " ind2=" " tag="300">
    <subfield code="a">volumes</subfield>
  </datafield>
  <datafield ind1=" " ind2=" " tag="310">
    <subfield code="a">Daily</subfield>
  </datafield>
  <datafield ind1=" " ind2=" " tag="336">
    <subfield code="a">text</subfield>
    <subfield code="b">txt</subfield>
    <subfield code="2">rdacontent</subfield>
  </datafield>
  <datafield ind1=" " ind2=" " tag="337">
    <subfield code="a">unmediated</subfield>
    <subfield code="b">n</subfield>
    <subfield code="2">rdamedia</subfield>
  </datafield>
  <datafield ind1=" " ind2=" " tag="338">
    <subfield code="a">volume</subfield>
    <subfield code="b">nc</subfield>
    <subfield code="2">rdacarrier</subfield>
  </datafield>
  <datafield ind1="1" ind2=" " tag="362">
    <subfield code="a">Began 1896.</subfield>
    <subfield code="z">Cf. Cappon, L.J. Va. newspapers.</subfield>
  </datafield>
  <datafield ind1=" " ind2=" " tag="500">
    <subfield code="a">Editor: C.E. Thacker, &lt;1898&gt;.</subfield>
  </datafield>
  <datafield ind1=" " ind2=" " tag="500">
    <subfield code="a">"Extra" supplements were published as part of the Final ed. &lt;Jan. 1993-Nov. 1995&gt;.</subfield>
  </datafield>
  <datafield ind1=" " ind2=" " tag="500">
    <subfield code="a">Includes news for surrounding areas: Hampton, Phoebus, Old Point, Williamsburg, etc.</subfield>
  </datafield>
  <datafield ind1=" " ind2=" " tag="525">
    <subfield code="a">Includes supplements; a combined supplement for the Daily Press and the Times-herald (Newport News, Va.) was included in July, 1956; and on Oct. 18, 1981.</subfield>
  </datafield>
  <datafield ind1=" " ind2=" " tag="530">
    <subfield code="a">Archived issues are available in digital format as part of the Library of Congress Chronicling America online collection.</subfield>
  </datafield>
  <datafield ind1=" " ind2=" " tag="580">
    <subfield code="a">In 1913 publisher of Daily press combined with publisher of Times-herald and published morning eds. called: Daily press; evening eds. called: Times-herald.</subfield>
  </datafield>
  <datafield ind1=" " ind2=" " tag="580">
    <subfield code="a">A joint Sat. ed. of the Times-herald and Daily press was published from &lt;1984&gt;-Aug. 4, 1990.</subfield>
  </datafield>
  <datafield ind1=" " ind2=" " tag="580">
    <subfield code="a">In 1991 the Times-herald (Newport News, Va. : 1905) was absorbed by the Daily press (Newport News, Va. : Final ed.).</subfield>
  </datafield>
  <datafield ind1=" " ind2=" " tag="588">
    <subfield code="a">Description based on: Mar. 24, 1898.</subfield>
  </datafield>
  <datafield ind1=" " ind2=" " tag="588">
    <subfield code="a">Latest issue consulted: May 6, 2001.</subfield>
  </datafield>
  <datafield ind1=" " ind2="0" tag="651">
    <subfield code="a">Newport News (Va.)</subfield>
    <subfield code="v">Newspapers.</subfield>
  </datafield>
  <datafield ind1=" " ind2="0" tag="651">
    <subfield code="a">Hampton (Va.)</subfield>
    <subfield code="v">Newspapers.</subfield>
  </datafield>
  <datafield ind1=" " ind2="7" tag="651">
    <subfield code="a">Virginia</subfield>
    <subfield code="z">Hampton.</subfield>
    <subfield code="2">fast</subfield>
    <subfield code="0">(OCoLC)fst01206042</subfield>
    <subfield code="1">https://id.oclc.org/worldcat/entity/E39QbtfRrGF7ryBMw4CrmKQTdp</subfield>
  </datafield>
  <datafield ind1=" " ind2="7" tag="651">
    <subfield code="a">Virginia</subfield>
    <subfield code="z">Newport News.</subfield>
    <subfield code="2">fast</subfield>
    <subfield code="0">(OCoLC)fst01205348</subfield>
    <subfield code="1">https://id.oclc.org/worldcat/entity/E39QbtfRjhgbx8K98fwfyyXvxc</subfield>
  </datafield>
  <datafield ind1=" " ind2="7" tag="655">
    <subfield code="a">Newspapers.</subfield>
    <subfield code="2">fast</subfield>
    <subfield code="0">(OCoLC)fst01423814</subfield>
  </datafield>
  <datafield ind1=" " ind2=" " tag="752">
    <subfield code="a">United States</subfield>
    <subfield code="b">Virginia</subfield>
    <subfield code="d">Newport News.</subfield>
  </datafield>
  <datafield ind1="1" ind2=" " tag="775">
    <subfield code="t">Times-herald (Newport News, Va. : 1905)</subfield>
    <subfield code="w">(DLC)sn 91066051</subfield>
    <subfield code="w">(OCoLC)23209207</subfield>
  </datafield>
  <datafield ind1="0" ind2=" " tag="775">
    <subfield code="t">Daily press (Newport News, Va. : Middle Peninsula ed.)</subfield>
    <subfield code="w">(DLC)sn 97066022</subfield>
    <subfield code="w">(OCoLC)37397042</subfield>
  </datafield>
  <datafield ind1="0" ind2=" " tag="775">
    <subfield code="t">Daily press (Newport News, Va. : South of the James ed.)</subfield>
    <subfield code="w">(DLC)sn 97066023</subfield>
    <subfield code="w">(OCoLC)37397036</subfield>
  </datafield>
  <datafield ind1="0" ind2=" " tag="775">
    <subfield code="t">Daily press (Newport News, Va. : Williamsburg ed.)</subfield>
    <subfield code="w">(DLC)sn 97066024</subfield>
    <subfield code="w">(OCoLC)37397027</subfield>
  </datafield>
  <datafield ind1="0" ind2="8" tag="776">
    <subfield code="i">Online version:</subfield>
    <subfield code="t">Daily press (Newport News, Va. : Final ed.)</subfield>
    <subfield code="x">2767-5971</subfield>
    <subfield code="w">(DLC)  2021220197</subfield>
    <subfield code="w">(OCoLC)681734666</subfield>
  </datafield>
  <datafield ind1="1" ind2="5" tag="780">
    <subfield code="t">Times-herald (Newport News, Va. : 1905)</subfield>
    <subfield code="w">(DLC)sn 91066051</subfield>
    <subfield code="w">(OCoLC)23209207</subfield>
  </datafield>
  <datafield ind1="4" ind2="1" tag="859">
    <subfield code="u">http://www.dailypress.com</subfield>
  </datafield>
  <datafield ind1="4" ind2="1" tag="859">
    <subfield code="u">http://www.loc.gov/chroniclingamerica/lccn/sn83045830/issues</subfield>
  </datafield>
  <datafield ind1="4" ind2="1" tag="859">
    <subfield code="u">https://virginiachronicle.com/?a=cl&amp;cl=CL1&amp;sp=DP&amp;e=-------en-20--1--txt-txIN-daily+press-------</subfield>
  </datafield>
  <datafield ind1=" " ind2=" " tag="906">
    <subfield code="a">7</subfield>
    <subfield code="b">cbc</subfield>
    <subfield code="c">serials</subfield>
    <subfield code="d">2</subfield>
    <subfield code="e">ncip</subfield>
    <subfield code="f">19</subfield>
    <subfield code="g">n-oclcserc</subfield>
  </datafield>
  <datafield ind1="0" ind2=" " tag="925">
    <subfield code="a">Add no more except Chronicling America online issues and HENC issues</subfield>
    <subfield code="x">policy default 2011-07-29</subfield>
  </datafield>
  <datafield ind1=" " ind2=" " tag="955">
    <subfield code="k">xf14 2011-09-19 telework;</subfield>
  </datafield>
  <datafield ind1=" " ind2=" " tag="955">
    <subfield code="a">LCAP batch update 2025-06-02-04:00: LCAPM-893</subfield>
  </datafield>
  <datafield ind1=" " ind2=" " tag="985">
    <subfield code="a">serpull/chronam</subfield>
    <subfield code="e">ndnp</subfield>
  </datafield>
</record>
